Music Quiz

Random Music or Country Music Quiz
Score 0/25 Timer 05:00
8 Plays Today
Hint Answer % Correct
Michael Jackson
97%
Justin Timberlake
93.5%
RapEminem
93.1%
Katy Perry
92.5%
CountryDolly Parton
92.4%
Britney Spears
91.5%
Snoop Dogg
91.1%
PopMadonna
84%
Green Day
80.6%
The Rolling Stones
79.3%
R & BUsher
78.7%
Willie Nelson
77.5%
Whitney Houston
76.3%
Hint Answer % Correct
John Legend
74%
Guns N' Roses
71.4%
The Notorious B.I.G.
69.3%
Carrie Underwood
68.9%
Lil Wayne
65.2%
Alicia Keys
63.5%
Reba McEntire
62.3%
Fleetwood Mac
58.5%
RockThe Who
57.8%
Mary J. Blige
55.2%
Missy Elliott
54.5%
Tim McGraw
49.6%

You're not logged in!

Compare scores with friends on all Sporcle quizzes.
OR
Log In

Sporcle TV

Today on Sporcle TV


Watch our educational content, quiz creation guides, and fun videos on Sporcle TV.

Show Comments

Extras

Top Quizzes Today


Score Distribution

Your Account Isn't Verified!

In order to create a playlist on Sporcle, you need to verify the email address you used during registration. Go to your Sporcle Settings to finish the process.

Report this User

Report this user for behavior that violates our Community Guidelines.

Details: